00809nam a22001937a 4500003000200000005001700002008004100019050002400060100002000084245012200104260007100226300004400297504005700341650005200398650004300450650004500493650003300538650004400571020250116160712.0250116b xxu||||| |||| 00| 0 eng d aHD 8039b.Sm64 2024 aSmith, Aiza M.  aLife satisfaction and goal adjustment of overseas filipino workers (ofw) extending employment in DubaicAiza M. Smith aLas Pinas CitybSouthville International School and Collegesc2024 ax, 273 pages :billustrations ;c28cm.  aIncludes bibliographical references and appendices.  aOverseas Filipino workers—Employment—Dubai. aLife satisfaction—Filipinos—Dubai. aGoal adjustment—Psychological aspects. aMigrant workers—Psychology aLabor migration—United Arab Emirates.